[Event "80th ch-St Petersburg SF w"]
[Site "St Petersburg RUS"]
[Date "2012.02.02"]
[Round "6.6"]
[White "Klevets,Ksenia"]
[Black "Toporkova,S"]
[Result "1-0"]
[WhiteElo "1837"]
[BlackElo "1643"]
[WhiteFideId "24157937"]
[BlackFideId "4169930"]
[EventDate "2012.01.28"]

1. d4 d5 2. Nf3 e6 3. e3 c5 4. b3 cxd4 5. exd4 Bb4+ 6. c3 Be7 7. Bb2 Nc6 8. Nbd2
Nf6 9. Bd3 a6 10. O-O O-O 11. Ne5 Nxe5 12. dxe5 Nd7 13. c4 dxc4 14. Nxc4 b5 15.
Be4 Rb8 16. Nd6 Nc5 17. Bxh7+ Kxh7 18. Qc2+ Kg8 19. Qxc5 Bb7 20. Nxb7 Bxc5 21.
Nxd8 Rfxd8 22. Rfd1 Rd5 23. Rxd5 exd5 24. Rc1 Bb6 25. Kf1 Re8 26. Ke2 d4 27. f4
Re6 28. Kd3 f6 29. Bxd4 Bxd4 30. Kxd4 fxe5+ 31. fxe5 Rg6 32. g3 Rh6 33. h4 Rg6
34. Rc3 b4 35. Rf3 Rc6 36. Kd5 Rc3 37. Rf4 a5 38. e6 Rd3+ 39. Kc6 Re3 40. Kd7
Rxg3 41. e7 Rd3+ 42. Kc7 Rc3+ 43. Kb7 1-0

[Event "80th ch-St Petersburg SF w"]
[Site "St Petersburg RUS"]
[Date "2012.02.02"]
[Round "6.9"]
[White "Yusupova,L"]
[Black "Gudkina,Zhanna"]
[Result "1/2-1/2"]
[WhiteElo "1618"]
[BlackElo "1829"]
[WhiteFideId "24106879"]
[BlackFideId "24102318"]
[EventDate "2012.01.28"]

1. e4 e6 2. c4 c6 3. d4 d5 4. e5 c5 5. Nf3 Nc6 6. cxd5 exd5 7. Bb5 Bg4 8. O-O a6
9. Bxc6+ bxc6 10. Be3 Qb6 11. dxc5 Bxc5 12. Bxc5 Qxc5 13. Nbd2 Ne7 14. Rc1 Qb6
15. Qc2 Bf5 16. Qb3 Rb8 17. Rc3 O-O 18. Rfc1 Qa5 19. Qa3 Qxa3 20. Rxa3 Rxb2 21.
Rxa6 Bd3 22. Ra3 Bb5 23. Nb3 Ng6 24. g3 Bc4 25. Na5 Rxa2 26. Rxa2 Bxa2 27. Rxc6
Rb8 28. Rc5 h6 29. Kg2 Rb2 30. Nc6 Kh7 31. Nfd4 Bc4 32. h3 Rd2 33. h4 Nxe5 34.
Nxe5 Rxd4 35. Nxf7 Rd1 36. Ne5 Bf1+ 37. Kf3 d4 38. Rc7 d3 39. Rd7 d2 40. Ng4 Bb5
41. Rd6 Ba4 42. Ne3 Rc1 43. Rxd2 Rc8 44. Rd4 Bc6+ 45. Ke2 Bb5+ 46. Kd2 Rf8 47.
f4 Ra8 48. Ke1 Ra1+ 49. Rd1 Ra2 50. Rd2 Ra1+ 51. Rd1 Ra2 52. Rd2 Ra1+ 53. Rd1
Ra2 1/2-1/2

[Event "80th ch-St Petersburg SF w"]
[Site "St Petersburg RUS"]
[Date "2012.02.02"]
[Round "6.11"]
[White "Elizarova,T"]
[Black "Pavlova,Vitalia"]
[Result "0-1"]
[WhiteElo "1678"]
[BlackElo "1613"]
[WhiteFideId "24128350"]
[BlackFideId "24179108"]
[EventDate "2012.01.28"]

1. d4 f5 2. g3 Nf6 3. Bg2 d5 4. c4 e6 5. Qc2 c6 6. Nh3 Bd6 7. Bf4 O-O 8. Nd2
Bxf4 9. Nxf4 Bd7 10. Nf3 Ne4 11. O-O g5 12. Nd3 Be8 13. Rad1 Bh5 14. c5 Nd7 15.
Nde5 Nxe5 16. Nxe5 Qa5 17. a3 Rac8 18. Qd3 Qc7 19. f3 Nxc5 20. Qd2 f4 21. g4 Be8
22. e3 Nd7 23. exf4 gxf4 24. Rde1 c5 25. Nd3 c4 26. Ne5 c3 27. bxc3 Qxc3 28.
Qxc3 Rxc3 29. Nxd7 Bxd7 30. Ra1 Rd3 31. Rfd1 Rxd1+ 32. Rxd1 Rc8 33. Rd3 Bb5 34.
Rb3 Ba6 35. g5 Rc1+ 36. Kf2 Rc2+ 37. Kg1 Rd2 38. Bh3 Kf7 39. Rc3 Bc4 40. Rc1
Rxd4 41. Re1 Kg6 42. Rxe6+ Kxg5 43. Re5+ Kf6 44. Re6+ Kf7 45. Rd6 Rd1+ 46. Kf2
Bb5 47. Be6+ Ke7 48. Rxd5 Rxd5 49. Bxd5 Bc6 50. Bb3 Kf6 51. Bd1 Ke5 52. Ke2 Kd4
53. Kd2 b5 54. h4 h6 55. Be2 a5 56. Bd1 b4 57. axb4 axb4 58. Kc1 Ke3 59. Kb2
Bxf3 60. Ba4 Be2 61. Bc6 f3 62. Bxf3 Bxf3 63. Kb3 Kf4 0-1

[Event "80th ch-St Petersburg SF w"]
[Site "St Petersburg RUS"]
[Date "2012.02.02"]
[Round "6.14"]
[White "Zhivotovskaya,Asya"]
[Black "Petrochenko,Maria"]
[Result "1/2-1/2"]
[WhiteElo "1688"]
[BlackElo "1585"]
[WhiteFideId "24166014"]
[BlackFideId "24161420"]
[EventDate "2012.01.28"]

1. e4 c5 2. Nf3 Nc6 3. Bb5 Nf6 4. d3 Qc7 5. O-O e6 6. Re1 Be7 7. Nbd2 O-O 8. Nf1
d5 9. exd5 exd5 10. Ng3 a6 11. Bxc6 bxc6 12. c4 Bd6 13. Bg5 Ng4 14. h3 Ne5 15.
b3 h6 16. Bc1 Nxf3+ 17. Qxf3 Be6 18. Bb2 Rfe8 19. Nf5 Bxf5 20. Qxf5 Qb7 21. Qg4
Bf8 22. Bc3 Rac8 23. Bd2 Kh8 24. Qh5 Qd7 25. Bc3 Kg8 26. Qh4 Rxe1+ 27. Rxe1 Re8
28. f3 Rxe1+ 29. Qxe1 Qe7 30. Kf2 Qxe1+ 31. Bxe1 Bd6 32. g4 Kf8 33. h4 Ke7 34.
Ke3 Ke6 35. h5 Be5 36. f4 Bd4+ 37. Kf3 Kd6 38. Bh4 f6 39. Bg3 Ke7 40. f5 Be5 41.
Be1 Kd6 42. Ba5 Bd4 43. Ke2 Bb2 44. Ke3 Bc1+ 45. Kf3 Ba3 46. Ke3 Bc1+ 47. Kf3
Bb2 48. Ke3 Ba3 49. Kf3 Bb4 50. Bb6 Bc3 51. Ke3 Bb4 52. Kf3 Bc3 53. Ke3 Bb4 54.
Kf3 1/2-1/2

[Event "80th ch-St Petersburg SF w"]
[Site "St Petersburg RUS"]
[Date "2012.02.02"]
[Round "6.15"]
[White "Shakirova,Renata"]
[Black "Letova,Tatiana"]
[Result "0-1"]
[WhiteElo "1651"]
[BlackElo "1612"]
[WhiteFideId "24172049"]
[BlackFideId "24139947"]
[EventDate "2012.01.28"]

1. e4 c5 2. Nf3 d6 3. d4 cxd4 4. Nxd4 Nf6 5. Nc3 Nc6 6. Be2 e6 7. Be3 Be7 8. f4
a6 9. Qd2 Qc7 10. O-O-O Na5 11. g4 Nc4 12. Bxc4 Qxc4 13. g5 Nd7 14. f5 Nc5 15.
a3 Na4 16. Nxa4 Qxa4 17. Qg2 e5 18. Ne2 Qc6 19. Nc3 Rg8 20. Nd5 Bd7 21. Rd3 Rb8
22. Rc3 Qa4 23. Nxe7 Kxe7 24. f6+ Ke8 25. Rd1 gxf6 26. Rxd6 Rc8 27. Rxc8+ Bxc8
28. Rxf6 Be6 29. Rf1 Qc6 30. Qf3 Qc4 31. Rd1 Qc7 32. Qf2 Bd7 33. Qf6 Rg6 34.
Qh8+ Ke7 35. Rd5 Rc6 36. Rxe5+ Be6 37. c3 Rxc3+ 38. bxc3 Qxc3+ 39. Kd1 Qxe3 40.
Qf6+ Kd7 41. Kc2 Qe2+ 42. Kc3 Qe3+ 43. Kb4 Qd2+ 44. Ka4 b5+ 45. Rxb5 axb5+ 46.
Kxb5 Qd3+ 47. Ka5 Qxa3+ 48. Kb5 Qb3+ 49. Ka5 Qa2+ 50. Kb5 Qb1+ 51. Kc5 Qxe4 52.
Qf2 Qd5+ 53. Kb4 Qxg5 54. Qd4+ Qd5 55. Qa7+ Ke8 56. Qb8+ Qd8 57. Qb5+ Kf8 58.
Qe5 Qd2+ 59. Kb5 Qd5+ 60. Qxd5 Bxd5 61. Kc5 Be4 62. Kd4 f5 63. Ke3 Kg7 64. Kf4
Kg6 65. h4 Kh5 66. Kg3 Bd3 67. Kh3 f4 68. Kh2 Kxh4 69. Kg2 Kg4 70. Kh2 h5 71.
Kg2 h4 72. Kh2 h3 73. Kg1 Kg3 74. Kh1 Be4+ 75. Kg1 h2+ 0-1

[Event "80th ch-St Petersburg SF w"]
[Site "St Petersburg RUS"]
[Date "2012.02.03"]
[Round "7.1"]
[White "Katyshkina,A"]
[Black "Kiseleva,A"]
[Result "1/2-1/2"]
[BlackTitle "WCM"]
[WhiteElo "1983"]
[BlackElo "1916"]
[WhiteFideId "4169891"]
[BlackFideId "4164989"]
[EventDate "2012.01.28"]

1. Nf3 Nf6 2. g3 d5 3. Bg2 c6 4. O-O Bf5 5. d4 e6 6. c4 Nbd7 7. Bf4 Qb6 8. Bc1
Be7 9. Nc3 Ne4 10. Qb3 dxc4 11. Qxc4 Nd6 12. Qa4 O-O 13. Nd2 e5 14. d5 Nc5 15.
Qd1 Rac8 16. dxc6 bxc6 17. Nf3 f6 18. b3 Rfd8 19. Nh4 Be6 20. Qc2 Nb5 21. b4 Na6
22. Be4 Nxb4 23. Bxh7+ Kf8 24. Qb2 Nxc3 25. Qxc3 Bc5 26. Qf3 Bd4 27. Bh6 e4 28.
Qxe4 c5 29. Rab1 Qc6 30. Qxc6 Nxc6 31. Ng6+ Kf7 32. Rb7+ Rd7 33. Rxd7+ Bxd7 34.
Bd2 Rb8 35. Rd1 Bg4 36. Kf1 Rb2 37. Nf4 g5 38. Be4 Ne7 39. Nd3 Rxa2 40. Ke1 a5
41. Rc1 1/2-1/2

[Event "80th ch-St Petersburg SF w"]
[Site "St Petersburg RUS"]
[Date "2012.02.03"]
[Round "7.5"]
[White "Pavlova,Vitalia"]
[Black "Rybakova,Polina"]
[Result "1/2-1/2"]
[WhiteElo "1613"]
[BlackElo "1778"]
[WhiteFideId "24179108"]
[BlackFideId "24178829"]
[EventDate "2012.01.28"]

1. f4 d5 2. Nf3 Nf6 3. e3 e6 4. d4 Be7 5. Bd3 O-O 6. O-O c5 7. c3 Qb6 8. b3 Bd7
9. Bd2 Bb5 10. Bxb5 Qxb5 11. Be1 Nbd7 12. Na3 Qb6 13. Nc2 Ne4 14. b4 c4 15. g4
Ndf6 16. Ne5 Rad8 17. a4 Ne8 18. h4 N8d6 19. Kg2 Qc7 20. Rh1 f6 21. Nf3 Qd7 22.
Nh2 Nc8 23. Nf1 e5 24. Ng3 Nxg3 25. Bxg3 exf4 26. Bxf4 Bd6 27. Qf3 Bxf4 28. exf4
Rfe8 29. Rhe1 Rxe1 30. Nxe1 Re8 31. Nc2 Kf8 32. Ne3 Rd8 33. g5 fxg5 34. fxg5+
Kg8 35. Rf1 Qe6 36. Qh3 Qe4+ 37. Qf3 Qe6 38. Qf5 Qxf5 39. Rxf5 Ne7 40. Re5 Rd7
41. Kg3 Kf7 42. h5 Kf8 43. Nf5 Nxf5+ 44. Rxf5+ Ke7 45. Kf4 Ke6 46. Rf8 a6 47. a5
Re7 48. Kg4 Kd6 49. g6 hxg6 50. hxg6 Ke6 1/2-1/2

[Event "80th ch-St Petersburg SF w"]
[Site "St Petersburg RUS"]
[Date "2012.02.03"]
[Round "7.7"]
[White "Gudkina,Zhanna"]
[Black "Dobronravina,Anna"]
[Result "1-0"]
[WhiteElo "1829"]
[BlackElo "1687"]
[WhiteFideId "24102318"]
[BlackFideId "24138592"]
[EventDate "2012.01.28"]

1. e4 c5 2. Nf3 e6 3. d4 cxd4 4. Nxd4 a6 5. Nc3 Nc6 6. Be3 Qc7 7. Bd3 b5 8. Nxc6
Qxc6 9. a3 Bb7 10. O-O Nf6 11. Qe2 Be7 12. f4 d6 13. f5 e5 14. g4 d5 15. exd5
Nxd5 16. Be4 Qd6 17. Nxd5 Bxd5 18. Rfd1 Rc8 19. Bxd5 Qc7 20. Rac1 O-O 21. c4 Qb8
22. g5 g6 23. Qf3 bxc4 24. Qh3 Rfd8 25. Bxf7+ Kxf7 26. Qxh7+ Ke8 27. fxg6 1-0

[Event "80th ch-St Petersburg SF w"]
[Site "St Petersburg RUS"]
[Date "2012.02.03"]
[Round "7.8"]
[White "Vronskaya,Anna"]
[Black "Sorokina,Svetlana"]
[Result "1/2-1/2"]
[WhiteElo "1873"]
[BlackElo "1622"]
[WhiteFideId "24178870"]
[BlackFideId "24166006"]
[EventDate "2012.01.28"]

1. d4 d6 2. Nf3 g6 3. c4 Bg7 4. Nc3 Nd7 5. e4 e5 6. Be3 Ne7 7. Qd2 h6 8. h4 f5
9. g3 Nf6 10. dxe5 Nxe4 11. Nxe4 fxe4 12. exd6 exf3 13. dxe7 Qxd2+ 14. Bxd2 Bxb2
15. Rb1 Bf6 16. Bd3 Kf7 17. Be4 c6 18. Bxf3 Bxe7 19. O-O Bd6 20. Rfe1 Rb8 21.
Be3 a6 22. Ba7 Ra8 23. Bb6 Bf5 24. Rb2 Rae8 25. Rxe8 Rxe8 26. Be3 Re7 27. Bxh6
Be6 28. Bg5 Rd7 29. Be2 b5 30. Rc2 Bf5 31. Rd2 Ba3 32. Rxd7+ Bxd7 33. cxb5 axb5
34. Bd1 c5 35. Kf1 Be6 36. Bb3 c4 37. Bc2 Bf5 38. Bxf5 gxf5 39. Ke2 Bc5 40. Be3
Bd6 41. Bd4 Kg6 42. Bc3 Kh5 43. Be1 Be5 44. f3 Bd4 45. Kd2 Bb6 46. Kc2 Bd4 47.
Bd2 Be5 48. Be1 Bd4 49. Kd2 Bb6 50. Ke2 Bd4 51. Bb4 Bb6 52. Bd6 Bd4 53. Kd2 Bb2
54. Ke3 Bc1+ 55. Kd4 Bb2+ 56. Ke3 Bc1+ 57. Ke2 Bb2 58. Bf4 Bd4 59. Be3 Be5 60.
Bf2 b4 61. Kd2 b3 62. axb3 cxb3 63. Kd3 b2 64. Kc2 Bc3 65. Be3 Be1 66. Bf4 Bc3 1/2-1/2

[Event "80th ch-St Petersburg SF w"]
[Site "St Petersburg RUS"]
[Date "2012.02.03"]
[Round "7.10"]
[White "Toporkova,S"]
[Black "Yusupova,L"]
[Result "1-0"]
[WhiteElo "1643"]
[BlackElo "1618"]
[WhiteFideId "4169930"]
[BlackFideId "24106879"]
[EventDate "2012.01.28"]

1. d4 Nf6 2. c4 e6 3. Nc3 Bb4 4. Qc2 c5 5. dxc5 O-O 6. Nf3 a6 7. a3 Bxc5 8. b4
Be7 9. Bg5 b6 10. e4 h6 11. Bh4 Bb7 12. e5 Bxf3 13. exf6 Bxf6 14. Bxf6 Qxf6 15.
gxf3 Qxf3 16. Rg1 Qf4 17. Qe4 Qxe4+ 18. Nxe4 Nc6 19. Nf6+ Kh8 20. Nxd7 Rfd8 21.
Nxb6 Ra7 22. c5 a5 23. Bg2 Nd4 24. Rd1 Nc2+ 25. Ke2 Rxd1 26. Rxd1 axb4 27. Be4 1-0

[Event "80th ch-St Petersburg SF w"]
[Site "St Petersburg RUS"]
[Date "2012.02.03"]
[Round "7.16"]
[White "Pankova,Julia"]
[Black "Zhivotovskaya,Asya"]
[Result "1-0"]
[WhiteElo "1501"]
[BlackElo "1688"]
[WhiteFideId "34103276"]
[BlackFideId "24166014"]
[EventDate "2012.01.28"]

1. e4 c5 2. Nf3 d6 3. d4 cxd4 4. Qxd4 a6 5. Be3 Nc6 6. Qb6 Qxb6 7. Bxb6 g6 8.
Nc3 Nf6 9. O-O-O Bh6+ 10. Kb1 Be6 11. Nd5 Bxd5 12. exd5 Nb8 13. g3 Nbd7 14. Ba5
Ne4 15. Be1 Ndc5 16. Bg2 Bg7 17. Nd2 Nf6 18. Nc4 b5 19. Na5 Nfd7 20. Nc6 Ne5 21.
Bc3 Rg8 22. Nxe5 Bxe5 23. Bxe5 dxe5 24. Rhe1 O-O-O 25. Rxe5 e6 26. d6 Nd7 27.
Re3 Kb8 28. Ra3 Ka7 29. Rc3 Ne5 30. Rc7+ Kb8 31. b3 h5 32. h3 g5 33. Rb7+ Kc8
34. Ra7 f6 35. Rxa6 Kd7 36. Ra7+ Ke8 37. Re7+ Kf8 38. Rxe6 Kg7 39. Rd5 Nc6 40.
c3 Kf7 41. Re2 Rd7 42. Rxb5 Rxd6 43. Bd5+ Kg7 44. Bxg8 Kxg8 45. a4 Ne5 46. a5
Kf7 47. Ka2 Ke8 48. f4 1-0

[Event "80th ch-St Petersburg SF w"]
[Site "St Petersburg RUS"]
[Date "2012.02.04"]
[Round "8.1"]
[White "Kiseleva,A"]
[Black "Chuprova,Irina"]
[Result "0-1"]
[WhiteTitle "WCM"]
[WhiteElo "1916"]
[BlackElo "1877"]
[WhiteFideId "4164989"]
[BlackFideId "24138584"]
[EventDate "2012.01.28"]

1. d4 d5 2. Nf3 Nf6 3. c4 e6 4. cxd5 exd5 5. Bg5 Be7 6. Nc3 c6 7. e3 O-O 8. Bd3
Nbd7 9. O-O h6 10. Bh4 Ne4 11. Bg3 f5 12. Ne5 Nxg3 13. hxg3 Nxe5 14. dxe5 Be6
15. Ne2 Qc7 16. Nf4 Bf7 17. e6 Be8 18. g4 g5 19. Nh3 Bg6 20. Qc2 Qe5 21. f4 Qxe6
22. gxf5 Bxf5 23. Bxf5 Qxf5 24. Qxf5 Rxf5 25. fxg5 Rxf1+ 26. Rxf1 hxg5 27. Rf5
Rf8 28. Re5 Bf6 29. Rf5 Bxb2 30. Rxg5+ Bg7 31. Nf4 Rf6 32. Nh5 Rf7 33. g4 Kf8
34. Rg6 c5 35. Nf4 c4 36. Nxd5 c3 37. Rd6 Rc7 38. Rd8+ Kf7 39. Nxc7 c2 40. Rd7+
Kg8 41. Rd8+ Kh7 0-1

[Event "80th ch-St Petersburg SF w"]
[Site "St Petersburg RUS"]
[Date "2012.02.04"]
[Round "8.2"]
[White "Volskaya,Vera"]
[Black "Kolesnikova,K"]
[Result "1-0"]
[WhiteElo "1925"]
[BlackElo "1926"]
[WhiteFideId "24170054"]
[BlackFideId "4100174"]
[EventDate "2012.01.28"]

1. d4 Nf6 2. Nf3 d6 3. g3 g6 4. Bg2 Bg7 5. c3 O-O 6. O-O Nbd7 7. Nbd2 c6 8. e4
e5 9. dxe5 dxe5 10. Qe2 Qc7 11. b3 Ng4 12. h3 Nh6 13. Ba3 c5 14. Rad1 a5 15. g4
f6 16. Qb5 Nf7 17. Nc4 Rd8 18. Rd5 b6 19. Rxd7 Bxd7 20. Qxb6 Qxb6 21. Nxb6 Ra6
22. Bxc5 Bc6 23. Re1 Bf8 24. Bxf8 Kxf8 25. Nc4 Rd3 26. Rc1 Rd7 27. Nfd2 Ng5 28.
f3 Ne6 29. Kf2 Nf4 30. Bf1 Raa7 31. Ke3 h5 32. g5 fxg5 33. Nxe5 Rd6 34. h4 Ne6
35. Ndc4 Rad7 36. Nxd6 Rxd6 37. Nxg6+ Kg7 38. Ne5 gxh4 39. Nxc6 Rxc6 40. f4 Nc7
41. Be2 h3 42. Bxh5 h2 43. Bf3 1-0

[Event "80th ch-St Petersburg SF w"]
[Site "St Petersburg RUS"]
[Date "2012.02.04"]
[Round "8.3"]
[White "Chernyak,Viktoria"]
[Black "Katyshkina,A"]
[Result "1-0"]
[WhiteElo "1839"]
[BlackElo "1983"]
[WhiteFideId "24165956"]
[BlackFideId "4169891"]
[EventDate "2012.01.28"]

1. e4 Nf6 2. e5 Nd5 3. d4 d6 4. c4 Nb6 5. exd6 cxd6 6. Nf3 g6 7. b3 Bg7 8. Bb2
Nc6 9. Be2 Bg4 10. O-O Bxf3 11. Bxf3 O-O 12. Na3 e6 13. Nc2 d5 14. c5 Nd7 15. b4
a6 16. Rb1 b6 17. Qd3 b5 18. Rfe1 Qc7 19. Bc1 a5 20. a3 axb4 21. axb4 Ra2 22.
Bb2 Rb8 23. Qb3 Raa8 24. Ra1 Qf4 25. g3 Qc7 26. Qd3 Qb7 27. Bg2 Nxb4 28. Nxb4
Nxc5 29. dxc5 Bxb2 30. Rxa8 Rxa8 31. Qb3 Ra1 32. Rxa1 Bxa1 33. Qa3 Bd4 34. Qa6
Qe7 35. Qxb5 Qxc5 36. Qxc5 Bxc5 37. Nd3 Bb6 38. Kf1 Kf8 39. Ke2 Ke7 40. f4 f6
41. g4 Kd6 42. h4 e5 43. fxe5+ fxe5 44. h5 g5 1-0

[Event "80th ch-St Petersburg SF w"]
[Site "St Petersburg RUS"]
[Date "2012.02.04"]
[Round "8.4"]
[White "Rybakova,Polina"]
[Black "Zavgorodniaya,A"]
[Result "0-1"]
[WhiteElo "1778"]
[BlackElo "1873"]
[WhiteFideId "24178829"]
[BlackFideId "4169956"]
[EventDate "2012.01.28"]

1. e4 e5 2. Nf3 Nc6 3. Bb5 a6 4. Ba4 Nf6 5. O-O Be7 6. Re1 b5 7. Bb3 d6 8. h3
Na5 9. c3 Nxb3 10. Qxb3 O-O 11. d4 Nd7 12. dxe5 Nxe5 13. Nxe5 dxe5 14. Rd1 Bd6
15. Qc2 Qf6 16. Rd3 Bb7 17. Rg3 Qe6 18. Rf3 Rad8 19. Nd2 Bc5 20. Nf1 f5 21. Rxf5
Rxf5 22. exf5 Qc6 23. Ne3 Bxe3 24. fxe3 Rd1+ 25. Kh2 Qd6 26. e4 Re1 27. b3 Bxe4
28. Qf2 Qd1 29. Bb2 Rh1+ 30. Kg3 Qd3+ 31. Kh4 Rh2 32. f6 g5+ 33. Kh5 Rxh3+ 34.
Kxg5 h6+ 35. Kg4 Bf5+ 36. Qxf5 Qg3# 0-1

[Event "80th ch-St Petersburg SF w"]
[Site "St Petersburg RUS"]
[Date "2012.02.04"]
[Round "8.5"]
[White "Pavlova,Vitalia"]
[Black "Tskhadadze,A"]
[Result "1/2-1/2"]
[WhiteElo "1613"]
[BlackElo "1842"]
[WhiteFideId "24179108"]
[BlackFideId "4165098"]
[EventDate "2012.01.28"]

1. e4 e5 2. Nf3 Nc6 3. Bc4 Nf6 4. d4 exd4 5. e5 d5 6. Bb5 Ne4 7. Nxd4 Bd7 8.
Bxc6 bxc6 9. O-O Be7 10. f3 Nc5 11. f4 O-O 12. f5 Bg5 13. Nc3 Bxc1 14. Rxc1 Re8
15. Re1 Rb8 16. Rb1 Qg5 17. b4 Ne4 18. Nxe4 dxe4 19. Rxe4 Bxf5 20. Nxf5 Qxf5 21.
Qf3 Qe6 22. Qb3 Qd5 23. Qxd5 cxd5 24. Ree1 Re6 25. Re3 f6 26. Ra3 fxe5 27. Rxa7
Rc6 28. Rb2 e4 29. Ra5 Rd8 30. Kf1 Kf7 31. Ke2 Ke6 32. b5 Rc5 33. Ra6+ Rd6 34.
Rxd6+ Kxd6 35. a4 Rc4 36. a5 Ra4 37. b6 cxb6 38. axb6 Ra8 39. b7 Rb8 40. Ke3 Kc6
41. Kd4 Rxb7 42. Rxb7 Kxb7 43. c4 dxc4 44. Kxc4 e3 45. Kd3 Kc6 46. Kxe3 Kd6 47.
Kf4 Ke6 48. Kg5 Ke5 49. g3 1/2-1/2

[Event "80th ch-St Petersburg SF w"]
[Site "St Petersburg RUS"]
[Date "2012.02.04"]
[Round "8.6"]
[White "Klevets,Ksenia"]
[Black "Gudkina,Zhanna"]
[Result "1/2-1/2"]
[WhiteElo "1837"]
[BlackElo "1829"]
[WhiteFideId "24157937"]
[BlackFideId "24102318"]
[EventDate "2012.01.28"]

1. d4 d5 2. Nf3 Nf6 3. e3 c5 4. Nbd2 Bg4 5. Be2 e6 6. b3 Nc6 7. Bb2 Be7 8. O-O
O-O 9. h3 Bh5 10. a3 Rc8 11. Rc1 a6 12. dxc5 Bxc5 13. b4 Be7 14. c4 Qb6 15. c5
Qd8 16. Qb3 Ne4 17. g4 Bg6 18. Nxe4 dxe4 19. Nd4 Nxd4 20. Bxd4 Bf6 21. Rfd1 Bxd4
22. Rxd4 Qg5 23. Rcd1 h5 24. Kh1 Qh4 25. Kg2 Qg5 26. Kh1 Qh4 27. Kg2 Qg5 28. f4
exf3+ 29. Bxf3 e5 30. Rc4 e4 31. Bxe4 hxg4 32. Bxg6 gxh3+ 33. Kxh3 Qxg6 34. Rg4
Qh5+ 35. Kg3 Qe5+ 36. Kf3 Rc6 37. Rdg1 Rf6+ 38. Ke2 Qh5 39. Ke1 g6 40. Qc3 Qf5
41. Rf4 Qb1+ 42. Kf2 Rxf4+ 43. exf4 Qa2+ 44. Kg3 Qd5 1/2-1/2

[Event "80th ch-St Petersburg SF w"]
[Site "St Petersburg RUS"]
[Date "2012.02.04"]
[Round "8.8"]
[White "Efremova,D"]
[Black "Skafar,Darya"]
[Result "1-0"]
[WhiteElo "1931"]
[BlackElo "1738"]
[WhiteFideId "24104906"]
[BlackFideId "24167169"]
[EventDate "2012.01.28"]

1. e4 e5 2. Nf3 Nc6 3. Bc4 Nf6 4. d3 Be7 5. c3 O-O 6. Nbd2 d6 7. Bb3 Na5 8. Bc2
c5 9. O-O Nc6 10. Nc4 b5 11. Ne3 d5 12. Ng5 h6 13. exd5 Nxd5 14. Qf3 Bxg5 15.
Nxd5 Bxc1 16. Raxc1 Bb7 17. Rfe1 Rb8 18. Ne3 Nd4 19. Qg3 Nc6 20. Ng4 Qd6 21.
Nxe5 Nxe5 22. Qxe5 Qc6 23. Qg3 Rbd8 24. Re7 Rfe8 25. Rce1 Rxe7 26. Rxe7 Re8 27.
Re3 a5 28. Bd1 Rd8 29. Bf3 Qb6 30. Re7 Bxf3 31. Qxf3 Qg6 32. g3 Rxd3 33. Qa8+
Kh7 34. Qb7 Rd1+ 35. Kg2 f6 36. Qxb5 Qb1 37. Qxc5 Rg1+ 38. Kh3 Qf1+ 39. Kh4 Qb1
40. Qd4 Rh1 41. Qxf6 Rxh2+ 42. Kg4 Qd1+ 43. f3 h5+ 44. Kg5 Qd5+ 45. Qe5 Qxe5+
46. Rxe5 Rxb2 47. Rxa5 Rf2 48. Kf4 Rc2 49. Rxh5+ Kg6 50. Rc5 Rxa2 51. Rc6+ Kf7
52. g4 Rc2 53. g5 g6 54. c4 Rc3 55. Ke4 Kg7 56. Rc7+ Kf8 57. f4 Kg8 58. Ke5 Rf3
59. c5 Rf2 60. c6 Rf3 61. Kf6 Rxf4+ 62. Kxg6 Kf8 63. Rc8+ Ke7 64. Kg7 Kd6 65. g6
Rf3 66. Rf8 Rc3 67. Rf6+ Kc7 68. Kf7 1-0

[Event "80th ch-St Petersburg SF w"]
[Site "St Petersburg RUS"]
[Date "2012.02.04"]
[Round "8.10"]
[White "Letova,Tatiana"]
[Black "Chuinyshena,Svetlana"]
[Result "1-0"]
[WhiteElo "1612"]
[BlackElo "1628"]
[WhiteFideId "24139947"]
[BlackFideId "24165964"]
[EventDate "2012.01.28"]

1. e4 c6 2. d4 d5 3. exd5 cxd5 4. Bd3 g6 5. c3 Bg7 6. h3 Nf6 7. Nf3 Nc6 8. Bf4
e6 9. O-O O-O 10. Nbd2 b6 11. Qe2 Bb7 12. Ne5 Rc8 13. Ndf3 Qe7 14. g4 Rfd8 15.
Nxc6 Bxc6 16. Ne5 Bb7 17. Kh2 Ra8 18. Bg3 a6 19. Rg1 Nd7 20. f4 Re8 21. Qf2 Nxe5
22. dxe5 Qc7 23. Rae1 b5 24. Re2 Rad8 25. Rge1 Qc6 26. f5 exf5 27. gxf5 gxf5 28.
Qxf5 Qg6 29. e6 Qxf5 30. Bxf5 fxe6 31. Bxe6+ Kh8 32. Bh4 Rb8 33. Rd2 h6 34. Bxd5
Rxe1 35. Bxe1 Bxd5 36. Rxd5 Rb7 37. a3 Kh7 38. Bg3 a5 39. Be5 Bxe5+ 40. Rxe5 b4
41. axb4 axb4 42. c4 Rd7 43. Rd5 Re7 44. Rd2 Rc7 45. Rc2 Rc6 46. Kg3 Kg6 47. Kf4
Kf6 48. Ke4 Ke6 49. Kd4 Kd6 50. Rg2 Kc7 51. c5 Kb7 52. Kc4 b3 53. Rg3 Rf6 54.
Rxb3+ Kc7 55. Rd3 Kc6 56. b4 Rf4+ 57. Rd4 Rf6 58. b5+ Kc7 59. Re4 Kc8 60. Kd5
Rf5+ 61. Re5 Rf3 62. Kd6 Rd3+ 63. Kc6 Rd8 64. b6 Kb8 65. Kb5 Rf8 66. c6 Rg8 67.
Ka6 Rf8 68. Re7 Rg8 69. c7+ Kc8 70. b7# 1-0

[Event "80th ch-St Petersburg SF w"]
[Site "St Petersburg RUS"]
[Date "2012.02.05"]
[Round "9.1"]
[White "Chuprova,Irina"]
[Black "Volskaya,Vera"]
[Result "1-0"]
[WhiteElo "1877"]
[BlackElo "1925"]
[WhiteFideId "24138584"]
[BlackFideId "24170054"]
[EventDate "2012.01.28"]

1. e4 c6 2. d4 d5 3. f3 g6 4. Nc3 Bg7 5. Be3 e6 6. Qd2 Nd7 7. h4 h5 8. Nd1 Nb6
9. a4 a5 10. c3 Ne7 11. Bd3 dxe4 12. fxe4 e5 13. Nf3 Nd7 14. O-O exd4 15. cxd4
Nf8 16. Nc3 Be6 17. d5 cxd5 18. Bb5+ Nd7 19. exd5 Bf5 20. Nd4 Bg4 21. Ne6 fxe6
22. dxe6 Bxe6 23. Qd6 Bf5 24. Bg5 Bf8 25. Rae1 Kf7 26. Bxd7 Ra6 27. Be6+ Ke8 28.
Bf7+ Kxf7 29. Qxd8 Bg7 30. Rxe7# 1-0

[Event "80th ch-St Petersburg SF w"]
[Site "St Petersburg RUS"]
[Date "2012.02.05"]
[Round "9.2"]
[White "Chernyak,Viktoria"]
[Black "Kiseleva,A"]
[Result "1/2-1/2"]
[BlackTitle "WCM"]
[WhiteElo "1839"]
[BlackElo "1916"]
[WhiteFideId "24165956"]
[BlackFideId "4164989"]
[EventDate "2012.01.28"]

1. e4 c5 2. Nf3 Nc6 3. Bb5 d6 4. Bxc6+ bxc6 5. O-O Bg4 6. h3 Bh5 7. e5 d5 8. d3
e6 9. c4 Qc7 10. Nbd2 Ne7 11. Re1 Nc8 12. b3 Nb6 13. Qe2 Be7 14. Nf1 Nd7 15. Bf4
g5 16. Bg3 h6 17. Rac1 a5 18. Ne3 d4 19. Nf1 Bf8 20. N1d2 Bg7 21. Ne4 Ke7 22.
Nd6 Bxf3 23. Qxf3 Raf8 24. Qe2 Bxe5 25. Nxf7 Rxf7 26. Bxe5 Nxe5 27. Qxe5 Qxe5
28. Rxe5 Kd6 29. Re2 Ra8 30. Rce1 Rf6 31. Re5 Raf8 32. R5e2 Ra8 33. Re5 Raf8 34.
R5e2 Ra8 35. Re5 Raf8 36. R5e2 Ra8 37. Re5 Raf8 38. R5e2 1/2-1/2